| 000 | 00844cam a22002777a 4500 | ||
|---|---|---|---|
| 003 | CHAP | ||
| 005 | 20220329135638.0 | ||
| 008 | 971013s1961 r 00010 d | ||
| 010 | _a39839 | ||
| 011 | _a40811 | ||
| 035 | _a44937 | ||
| 040 | _cCHAP | ||
| 082 |
_a574.09 _bM6 |
||
| 100 | 0 | 0 |
_aMoore, Ruth. _978093 |
| 245 | 1 | 4 |
_aThe coil of life _b: the story of the great discoveries in the life sciences |
| 260 |
_aLondon : _bConstable, _c1961 |
||
| 300 |
_a418 p. _b: ilus |
||
| 590 |
_aBATCH-UPD _b10 _c20130110 _lUCH01 _h2135 |
||
| 590 |
_aBATCH-UPD _b10 _c20130410 _lUCH01 _h1444 |
||
| 590 |
_aBATCH-UPD _b10 _c20130914 _lUCH01 _h0633 |
||
| 590 |
_aCONVERSION _b10 _c20130109 _lUCH01 _h1322 |
||
| 650 | 1 | 4 |
_aBiologĂa _xHistoria. _912785 |
| 901 | _aBK | ||
| 942 | _cLIBRO | ||
| 949 |
_a574.09 M6 _bBC _cLIBRO _d33724000459905 _eLIBRO _h8077 _i44937 _si |
||
| 999 |
_c39839 _d39839 |
||